000 00328nam a2200133Ia 4500
005 20251223000719.0
008 251222s9999||||xx |||||||||||||| ||spa||
020 _a9786124099281
082 _a338.985/C76
245 0 _aLa Investigación Económica y Social en el Perú:
250 _a1ra. ed.
264 _bCIES
942 _cLIB
999 _c41585
_d41585